LEADER 02282nam a2200397 u 4500 001 000000017103 003 CaOOAMICUS 005 20070226110052.0 008 940513s1983 it u000 u eng u 035 $a10400662 040 $aPUL(R)$bita 041 0 $aeng$aita 110 2 $aCongregazione per l'evangelizzazione dei popoli.$0(OLS)http://pul/name/93208 245 10$aInventory of the historical archives of the Sacred Congregation for the Evangelization of peoples or "De Propaganda Fide" /$cN. Kowalsky, J. Metzler. 246 35$aInventario dell'Archivio storico della Sacra Congregazione per l'evangelizzazione dei popoli o "de Propaganda Fide" 250 $a3rd enl. ed. 260 $aRome :$bPontificia Universitas Urbaniana,$c1983. 300 $a156 p. :$bant. ;$c21 cm 490 1 $aStudia Urbaniana ;$v18 500 $aTesto in inglese ed italiano. 500 $aTitolo del frontespizio aggiunto: Inventario dell'Archivio storico della Sacra Congregazione per l'evangelizzazione dei popoli o "de Propaganda Fide". 610 24$aCongregatio de Propaganda Fide$xArchivi$xCataloghi.$0(OLS)http://pul/subject/12074 610 24$aChiesa cattolica$xMissioni$xStoria$xFonti$xBibliografia.$0(OLS)http://pul/subject/12075 650 4$aEvangelizzazione$xStoria$xFonti$xBibliografia.$0(OLS)http://pul/subject/12076 700 1 $aMetzler, Josef,$cO.M.I.,$d1921-$0(OLS)http://pul/name/5030 700 1 $aKowalsky, N.$q(Nicholas),$cO.M.I.,$dm. 1966.$0(OLS)http://pul/name/15468 830 0$aStudia Urbaniana ;$v18.$0(OLS)http://pul/title/1569 850 $aPUL 852 $aPUL$W1$xSL Filosofia 1$y2$m105(1) A 6$j24108$nBK-PRI$b $qStampati$B24108$CPULBib$Z2$F24108 $H $81 910 $aCongregatio de Propaganda Fide$993208 910 $aPropaganda fide$993208 941 1 $a8 961 $aINV: 52431 996 $6245$aInventory of the historical archives of the Sacred Congregation for the Evangelization of peoples or "De Propaganda Fide"$9(OLS)http://pul/title/24473 996 $6246$aInventario dell'Archivio storico della Sacra Congregazione per l'evangelizzazione dei popoli o "de Propaganda Fide"$9(OLS)http://pul/title/24474 996 $6260$aRome :$bPontificia Universitas Urbaniana$9(OLS)http://pul/publisher/55242 LEADER 01260nam a2200289 u 4500 001 000000062336 003 CaOOAMICUS 005 20070226121125.0 008 010926s1967 fr u000 u fre u 035 $a10904397 040 $aPUL(R)$bita 245 00$aFaut-il baptiser les enfants? :$bla réponse de la tradition /$ctextes présentés par J.-Ch. Didier ; préface d'A.-M. Roguet. 260 $aParis :$bLes Éditions du Cerf,$c1967. 300 $a302 p. ;$c18 cm 490 1 $aChrétiens de tous les temps ;$v21 500 $aContiene indice. 504 $aBibliografia in nota. 650 4$aBattesimo.$0(OLS)http://pul/subject/1772 700 1 $aDidier, J. C.$0(OLS)http://pul/name/26013 700 1 $aRoguet, A.-M.$q(Aymon-Marie),$cO.P.,$d1906-1991.$0(OLS)http://pul/name/26203 830 0$aChrétiens de tous les temps ;$v21.$0(OLS)http://pul/title/64422 850 $aPUL 852 $aPUL$W1$xSL Religione 1$y3$m67 G 22$j81071$nBK-PRI$b $qStampati$B81071$CPULBib$Z2$F81071 $H $81 941 1 $a8 961 $aINV: 29426 996 $6245$aFaut-il baptiser les enfants? :$bla réponse de la tradition$9(OLS)http://pul/title/83179 996 $6260$aParis :$bLes Éditions du Cerf$9(OLS)http://pul/publisher/47861